LEADER 01122nam a2200265 i 4500 001 000000150006 003 CaOOAMICUS 005 20060530000000.0 008 060530s2003 it u000 u ita u 013 $a127338 020 $a88-348-3375-9 040 $aSeMil$bita 100 1 $aCastellano, Danilo,$d<1945- >.$0(OLS)http://semarc/name/7250 245 10$aRazionalismo e diritti umani :$bdell'antifilosofia politico-giuridica della "modernità" /$cDanilo Castellano. 260 $aTorino :$bGiappichelli,$ccopyr. 2003. 300 $a103 p. ;$c21 cm. 500 $aDono del Card. Dionigi Tettamanzi. 650 4$aDiritti umani.$0(OLS)http://semarc/subject/13199 850 $aSeMil 852 $aSeMil$W1$xVenegono$y1$m3L III 5$j102181$B102181$CSeMilBibl$Z2$F112035 $81 941 1 $a5 961 $aOmaggio: Tettamanzi Card. Dionigi 996 $6020$a88-348-3375-9$9(OLS)http://semarc/number/139311 996 $6245$aRazionalismo e diritti umani :$bdell'antifilosofia politico-giuridica della "modernità"$9(OLS)http://semarc/title/219317 996 $6260$aTorino :$bGiappichelli$9(OLS)http://semarc/publisher/31793 LEADER 01216nam a2200265 4500 001 000000352606 003 CaOOAMICUS 005 20230220162136.0 008 230109s2022 it a 000 u ita r 020 $a978-88-89709-78-8 040 $aSeMil$bita 100 1 $aComini, Claudio,$d<1963- >.$0(OLS)http://semarc/name/112624 245 13$aLa dolce atmosfera di Venezia /$cClaudio Comini. 264 1$aLozzo Atestino (Pd) :$bVenilia Editrice ;$aPadova :$bValentina Editrice,$c2022. 300 $a43 p. :$bill. ;$c20 cm 541 0 $aOmaggio mons. Mario Delpini (5B III 65/12) 850 $aSeMil 852 $aSeMil$W1$xVenegono$y1$m5B III 65/12$j237385$B243831$CSeMilBibl$Z2$F243831 $81 941 1 $a7 961 $aOmaggio mons. Mario Delpini.-- Con dedica autografa dell?autore (Claudio Comini) a mons. Mario Delpini (2 dicembre 2022) 996 $6020$a978-88-89709-78-8$9(OLS)http://semarc/number/297389 996 $6245$aLa dolce atmosfera di Venezia$9(OLS)http://semarc/title/442492 996 $6264$aLozzo Atestino (Pd) :$bVenilia Editrice$9(OLS)http://semarc/publisher/60791 996 $6264$aPadova :$bValentina Editrice$9(OLS)http://semarc/publisher/60792 LEADER 00789nam a2200181 i 4500 001 000000215729 003 CaOOAMICUS 005 20120906000000.0 008 120906s1826 it u000 u ita u 013 $a194604 026 $a3.e, i.o- a.le (1no (3) 1826 (A) 040 $aSeMil$bita 245 10$aVol. 14. 300 $a344 p. 773 0 $aBergier, Nicolas-Sylvestre <1718-1790>$tTrattato storico-dogmatico della vera religione colla confutazione degli errori, che le sono stati opposti ne' differenti secoli del signor abbate Bergier ... Vol. 1. [-16.].$dVenezia : Dalla tipografia di Girolamo Tasso, 1823-1826.$g14$w()27335 850 $aSeMil 852 $aSeMil$W1$xVenegono$y1$m2B II 76 FA$j166149$B166149$CSeMilBibl$Z2$F177090 $8I 996 $6245$aVol. 14$9(OLS)http://semarc/title/296867 LEADER 00794nam a2200181 i 4500 001 000000215730 003 CaOOAMICUS 005 20120906000000.0 008 120906s1826 it u000 u ita u 013 $a194605 026 $ahao- c.0. 3.I. (1po (3) 1826 (A) 040 $aSeMil$bita 245 10$aVol. 15. 300 $a318, [2] p. 773 0 $aBergier, Nicolas-Sylvestre <1718-1790>$tTrattato storico-dogmatico della vera religione colla confutazione degli errori, che le sono stati opposti ne' differenti secoli del signor abbate Bergier ... Vol. 1. [-16.].$dVenezia : Dalla tipografia di Girolamo Tasso, 1823-1826.$g15$w()27335 850 $aSeMil 852 $aSeMil$W1$xVenegono$y1$m2B II 77 FA$j166150$B166150$CSeMilBibl$Z2$F177091 $8I 996 $6245$aVol. 15$9(OLS)http://semarc/title/296868 LEADER 00616nam a2200181 i 4500 001 000000225628 003 CaOOAMICUS 005 20131212000000.0 008 131212n it u000 u ita u 013 $a204530 040 $aSeMil$bita 245 10$a1. 300 $a605 p. :$bill. 773 0 $aLongo, Luigi Emilio$tCampagna italo-etiopica, 1935-1936.$dRoma : Ufficio storico SME, 2005.$w()29248 850 $aSeMil 852 $aSeMil$W1$xVenegono$y1$m3V V 87$j175974$B175974$CSeMilBibl$Z2$F186782 $81 961 $aOmaggio: Grampa dott. Cesare 996 $6245$a1$9(OLS)http://semarc/title/6508 LEADER 00927nam a2200217 i 4500 001 000000191738 003 CaOOAMICUS 005 20161130000000.0 008 161130s1967 it u000 u ita u 013 $a170309 040 $aSeMil$bita 100 1 $aParisciani, Gustavo.$0(OLS)http://semarc/name/69684 245 10$aS. Giuseppe da Copertino /$cGustavo Parisciani. 260 $aOsimo (Ancona) :$bPax et Bonum,$cstampa 1967. 300 $a422 p. :$b[42] p. di tav. ;$c22 cm. 600 04$aGiuseppe : da Copertino .$0(OLS)http://semarc/subject/16682 850 $aSeMil 852 $aSeMil$W1$xVenegono$y1$m3H II 404$j241292$B142346$CSeMilBibl$Z2$F216907 $81 961 $aOmaggio: Grampa dott. Cesare 996 $6245$aS. Giuseppe da Copertino$9(OLS)http://semarc/title/276256 996 $6260$aOsimo (Ancona) :$bPax et Bonum$9(OLS)http://semarc/publisher/50216 LEADER 01055nam a2200253 i 4500 001 000000109991 003 CaOOAMICUS 005 20240409141937.0 008 021119s1952 it u000 u ita u 013 $a82672 040 $aSeMil$bita 100 1 $aSwift, Jonathan,$d<1667-1745>.$0(OLS)http://semarc/name/15463 240 10$aGulliver's travels.$0(OLS)http://semarc/title/448225 245 10$aViaggi di Gulliver :$bin vari paesi lontani del mondo /$cJonathan Swift. 260 $aMilano :$bRizzoli,$c1952. 300 $a322 p. ;$c16 cm. 490 0 $aBiblioteca Universale Rizzoli ;$v383 830 0$aBiblioteca Universale Rizzoli ;$v383.$0(OLS)http://semarc/title/7348 850 $aSeMil 852 $aSeMil$W1$xVenegono$y1$m78 12 383 *$j65915$B65915$CSeMilBibl$Z2$F73060 $81 961 $aRecupero: Biblioteca Seminario Liceale 996 $6245$aViaggi di Gulliver :$bin vari paesi lontani del mondo$9(OLS)http://semarc/title/159800 996 $6260$aMilano :$bRizzoli$9(OLS)http://semarc/publisher/29824 LEADER 01053nam a2200217 i 4500 001 000000179646 003 CaOOAMICUS 005 20250828165545.0 008 090519s1981 xxk u000 u mul u 040 $aSeMil$bita 245 10$a20: The athenian constitution ; The Eudemian ethics ; On virtues and vices /$cAristotle ; with an english translation by H. Rackham. 300 $aXII, 505 p. 490 1 $aThe Loeb Classical Library ;$v285 700 1 $aRackham, Harris,$d<1868-1944>.$0(OLS)http://semarc/name/17994 773 0 $aAristoteles <384-322 a.C.>$tAristotle.$dCambridge, Massachusetts : Harvard University Press ; London : Heinemann, 1980-$g20$w()21258 830 4$aThe Loeb Classical Library ;$v285.$0(OLS)http://semarc/title/26868 850 $aSeMil 852 $aSeMil$W1$xVenegono$y1$m1Y II 24$j261055$B130408$CSeMilBibl$Z2$F141858 $81 961 $aOmaggio: Villa don Cesare 996 $6245$a20: The athenian constitution ; The Eudemian ethics ; On virtues and vices$9(OLS)http://semarc/title/257938